[Event "Addis Ababa zt 4.4"]
[Site "Addis Ababa"]
[Date "2022.05.03"]
[Round "2"]
[White "Bulcha, Petros Olana"]
[Black "Fekadu, Desalegn Jimma"]
[Result "0-1"]
[WhiteElo "1965"]
[BlackElo "2057"]
[PlyCount "86"]
[EventDate "2022.05.02"]
[EventType "swiss"]
[EventRounds "9"]
[EventCountry "ETH"]
[SourceTitle "CBM 208 Extra"]
[Source "ChessBase"]
[SourceDate "2022.07.31"]
[SourceVersion "1"]
[SourceVersionDate "2022.07.31"]
[SourceQuality "1"]

1. e4 c5 2. Nf3 d6 3. d4 cxd4 4. Nxd4 Nf6 5. Nc3 a6 6. f3 e6 7. Be3 b5 8. Qd2 Bb7 9. a4 b4 10. Na2 d5 11. e5 Nfd7 12. f4 Qa5 13. Nb3 Qxa4 14. Nac1 Qc6 15. Na5 Qc7 16. Nd3 Be7 17. Nxb4 0-0 18. Nxb7 Qxb7 19. Nd3 f6 20. Be2 fxe5 21. fxe5 Bh4+ 22. Kd1 Nc6 23. Ra4 Be7 24. Bg4 Nd8 25. b3 Qc6 26. Bd4 Rc8 27. Ra2 Nb7 28. Bf3 Bc5 29. Bxc5 Nbxc5 30. Re1 Nxd3 31. Qxd3 Nc5 32. Qc3 Rc7 33. b4 Qb7 34. Qd4 Nd7 35. Re3 Rfc8 36. Be2 Rc6 37. b5 axb5 38. Rh3 Rc5 39. Rb2 Qc7 40. Bd3 Nxe5 41. Rxb5 Nxd3 42. Qxd3 Rxb5 43. Qxb5 Qxc2+ 0-1